[Event "Medellin Castro Memorial op-B 31st"]
[Site "Medellin"]
[Date "2024.08.08"]
[Round "2"]
[White "Conti, Julian"]
[Black "Gallon Ramirez, Tomas"]
[Result "1-0"]
[WhiteElo "1892"]
[BlackElo "1657"]
[PlyCount "83"]
[EventDate "2024.08.07"]
[EventType "swiss"]
[EventRounds "9"]
[EventCountry "COL"]
[SourceTitle "CBM 221 Extra"]
[Source "ChessBase"]
[SourceDate "2024.09.30"]
[SourceVersion "1"]
[SourceVersionDate "2024.09.30"]
[SourceQuality "1"]

1. e4 c5 2. Nf3 d6 3. d4 cxd4 4. Nxd4 Nf6 5. Nc3 a6 6. Bg5 e6 7. f4 Nc6 8. Nxc6 bxc6 9. e5 h6 10. Bh4 g5 11. fxg5 Nd5 12. Ne4 Qb6 13. c4 Qxb2 14. cxd5 Qb4+ 15. Nd2 Qxh4+ 16. g3 Qxg5 17. dxc6 Qxe5+ 18. Be2 Bg7 19. Rc1 d5 20. 0-0 h5 21. Nf3 Qe3+ 22. Kg2 e5 23. Nh4 Be6 24. Bxh5 Qg5 25. Bxf7+ Bxf7 26. Rxf7 Kxf7 27. Qxd5+ Kf8 28. Rf1+ Bf6 29. Qe6 Kg7 30. Nf5+ Kg6 31. h4 Qd2+ 32. Rf2 Qd8 33. Nd6 Qe7 34. Qg4+ Bg5 35. Rf5 Rh5 36. Ne4 Rg8 37. hxg5 Rh7 38. Rf6+ Kg7 39. Qf5 Kh8 40. g6 Rh6 41. Rf7 Qe8 42. Qf6+ 1-0

[Event "Medellin Castro Memorial op-B 31st"]
[Site "Medellin"]
[Date "2024.08.08"]
[Round "3"]
[White "Gallon Ramirez, Tomas"]
[Black "Pacheco, Laura Michelle"]
[Result "0-1"]
[WhiteElo "1657"]
[BlackElo "1584"]
[PlyCount "94"]
[EventDate "2024.08.07"]
[EventType "swiss"]
[EventRounds "9"]
[EventCountry "COL"]
[SourceTitle "CBM 221 Extra"]
[Source "ChessBase"]
[SourceDate "2024.09.30"]
[SourceVersion "1"]
[SourceVersionDate "2024.09.30"]
[SourceQuality "1"]

1. d4 d5 2. c4 c6 3. Nf3 Nf6 4. g3 e6 5. Bg2 Bd6 6. Nbd2 0-0 7. 0-0 Nbd7 8. Qc2 b6 9. Rd1 Bb7 10. e4 dxe4 11. Nxe4 Be7 12. Ne5 Qc7 13. Bf4 Nxe4 14. Bxe4 Bd6 15. Nxd7 Qxd7 16. Bxd6 Qxd6 17. c5 Qd7 18. Bxh7+ Kh8 19. Be4 Rad8 20. Rac1 b5 21. Qe2 g6 22. h4 f5 23. Bf3 Rf7 24. Qe5+ Kh7 25. Rd2 f4 26. Be4 fxg3 27. Qxg3 Rf6 28. h5 Rg8 29. Qh4 Kg7 30. Rc3 g5 31. Rg3 Kh6 32. Qg4 Rf4 33. Qe2 Rgf8 34. Qe3 Qf7 35. Bg6 Qf6 36. Re2 Bc8 37. Kg2 Rxd4 38. Rd2 Rf4 39. Be4 Bb7 40. Rf3 Rxf3 41. Qxf3 Qxf3+ 42. Bxf3 Rf4 43. Rd6 Bc8 44. Rxc6 Rf8 45. Be4 Rh8 46. Bg6 a5 47. a3 Bd7 0-1